01202ngm a2200337 4500003000400000005001700004007000300021008004100024010003300065024002700098035002000125035001500145040001300160082001300173245010100186260002800287300005000315440003300365500013900398538004900537538012500586650001900711700001800730700001100748700001100759700001700770700001900787700001800806700001900824700002100843dpl20100304120332.0ta||||||sp199 xxu|||||c ||| 00| 0 ng d  aDVD-005865-5872 & DVD-006810 aDHIF1550S/1551Sc99.00 aDVD-005865-5872 aDVD-006810 aDPLcDPL aDVD GOLM aGolmaal Returns & Golmaal (2in1)cShree Ashtavinayak Cine Vision Presentsh[videorecording] DVD/ bMoserbaer Entertainment a2 videodisc DVD;bsd., col. ;c4 3/4 in.fDVD aMoserbaer Home Entertainment aMoserbaer India Ltd. has obtained the necessary license/consent from the owner of the copyright in the wroks for making this DVD Film. aDolby Digital 5.1 - Hindi Subtitles: English aThis DVD can be played back on DVD Players, multimedia systems & PC with MPEG card interactive with version 2.0 players. aMotion Picture aShetty, Rohit aPritam aSameer aDevgan, Ajay aKapoor, Karina aWarsi, Arshad aKapoor, Tushar aTalpade, Shreyas